Statistics for Vice Presidents Who Became Presidents

Click here to take the quiz!

General Stats

  • This quiz has been taken 138 times
  • The average score is 8 of 9

Answer Stats

TermPresident% Correct
1963-1969Lyndon B. Johnson
100%
1974-1977Gerald Ford
98%
1865-1869Andrew Johnson
97%
1945-1953Harry S. Truman
92%
1923-1929Calvin Coolidge
86%
1901-1909Theodore Roosevelt
86%
1881-1885Chester A. Arthur
67%
1841-1845John Tyler
67%
1850-1853Millard Fillmore
64%

Score Distribution

Percentile by Number Answered

Percent of People with Each Score

Your Score History

You have not taken this quiz